| 000 | 00357nam a2200145Ia 4500 | ||
|---|---|---|---|
| 100 | _aModak/Prasad | ||
| 942 | _cBK | ||
| 654 | _aWaste | ||
| 245 | _aWaste Minimization : Practical guide to Clearner Production & Enchanced Probability | ||
| 260 |
_bCEE _aAhmedabad _c1995 |
||
| 082 |
_a658.567 _bMOD |
||
| 300 | _a138 | ||
| 546 | _aENGLISH | ||
| 999 |
_c31682 _d31682 |
||